Phát triển nguồn nhân lực khoa học xã hội Việt Nam: Thực trạng và giải pháp /

Bewaard in:
Bibliografische gegevens
Hoofdauteur: Kiều Quỳnh Anh.
Formaat: Artikel
Taal:Vietnamese
Onderwerpen:
Tags: Voeg label toe
Geen labels, Wees de eerste die dit record labelt!
Thư viện lưu trữ: Thư viện Trường Đại học Đà Lạt
LEADER 00806nam a2200253 4500
001 DLU140164585
005 ##20141006
040 # # |a DLU  |b vie 
041 # # |a vie 
044 # # |a vn 
100 # # |a Kiều Quỳnh Anh. 
245 # # |a Phát triển nguồn nhân lực khoa học xã hội Việt Nam: Thực trạng và giải pháp /  |c Kiều Quỳnh Anh 
653 # # |a Nguồn nhân lực 
653 # # |a Phát triển nguồn nhân lực 
773 # # |t Tạp chí Khoa học Xã hội Việt Nam  |g Số 10(71), 2013, tr. 56-63 
920 # # |a Phòng Tạp chí -- Trung tâm Thông tin - Thư viện Trường Đại học Đà Lạt 
994 # # |a DLU 
900 # # |a True 
911 # # |a Nguyễn Thị Tưởng 
925 # # |a G 
926 # # |a A 
927 # # |a BB 
980 # # |a Thư viện Trường Đại học Đà Lạt